LEADER 00955nam a2200229 i 4500 001 000000171327 003 CaOOAMICUS 005 20080426000000.0 008 080426s1946 it u000 u mul u 013 $a148758 040 $aSeMil$bita 245 10$aBallate popolari d'Inghilterra e di Scozia /$ctesto, traduzione, introduzione e note a cura di Sergio Baldi. 260 $aFirenze :$bSansoni,$c1946. 300 $aXLVIII, 294 p. ;$c17 cm. 490 0 $aBiblioteca sansoniana straniera ;$v85 500 $aContiene : Nota bibliografica. 700 1 $aBaldi, Sergio.$0(OLS)http://semarc/name/7303 830 0$aBiblioteca sansoniana straniera ;$v85.$0(OLS)http://semarc/title/19727 850 $aSeMil 852 $aSeMil$W1$xVenegono$y1$m1W I 85$j122196$B122196$CSeMilBibl$Z2$F133520 $81 996 $6245$aBallate popolari d'Inghilterra e di Scozia$9(OLS)http://semarc/title/245080 996 $6260$aFirenze :$bSansoni$9(OLS)http://semarc/publisher/29843 LEADER 01426nam a2200277 i 4500 001 000000067209 003 CaOOAMICUS 005 20140221000000.0 008 140221s1975 xx u000 u eng u 013 $a38381 040 $aSeMil$bita 100 1 $aBoccafola, Kenneth E.$0(OLS)http://semarc/name/33668 245 14$aThe requirement of perpetuity for the impediment of impotence /$cKenneth E. Boccafola. 260 $aRoma :$bUniversità Gregoriana,$c1975. 300 $a156 p. ;$c24 cm. 490 0 $aAnalecta Gregoriana ;$vVol.200. Series Facultatis Iuris Canonici. Sectio B, n.35 490 0 $aAnalecta Gregoriana. Series Facultatis Iuris Canonici. Sectio B ;$v35 500 $aContiene : Bibliography. 650 4$aMatrimonio - Impotenza sessuale.$0(OLS)http://semarc/subject/5762 650 4$aImpotenza sessuale - Diritto canonico.$0(OLS)http://semarc/subject/13144 830 0$aAnalecta Gregoriana ;$vVol.200. Series Facultatis Iuris Canonici. Sectio B, n.35.$0(OLS)http://semarc/title/9 830 0$aAnalecta Gregoriana. Series Facultatis Iuris Canonici. Sectio B ;$v35.$0(OLS)http://semarc/title/21674 850 $aSeMil 852 $aSeMil$W1$xVenegono$y1$m2N V 300$j33362$B33362$CSeMilBibl$Z2$F33365 $81 996 $6245$aThe requirement of perpetuity for the impediment of impotence$9(OLS)http://semarc/title/107086 996 $6260$aRoma :$bUniversità Gregoriana$9(OLS)http://semarc/publisher/31479